| 000 | 00674nam a2200241Ia 4500 | ||
|---|---|---|---|
| 003 | OSt | ||
| 005 | 20220928104706.0 | ||
| 006 | a|||||r|||| 00| 0 | ||
| 007 | ta | ||
| 008 | 220927b |||||||| |||| 00| 0 eng d | ||
| 024 | _a127029 | ||
| 037 |
_bGift, 06/10/2015, _cTextual |
||
| 040 |
_aSDCL _cSDCL _beng |
||
| 041 |
_2eng _aeng |
||
| 082 | _a2:f, Q4.15 | ||
| 100 |
_aJindal S.C. Ed. _9411563 |
||
| 245 | 0 |
_aUniversity of Delhi _b Doctoral research |
|
| 260 |
_aDelhi _bUniversity of Delhi _c2014 |
||
| 300 |
_a297p. _ccm. |
||
| 650 |
_aGift _9391569 |
||
| 942 |
_h2:f, Q4.15 _cTEXL _2CC |
||
| 999 |
_c727244 _d727244 |
||